Euro-info

Bibliographic Details
Format: Journal
Language:Slovak
PhysicalDescription:9 zv. 21 cm
Published: Bratislava Slovenská technická knižnica Centrum vedecko-technických informácií Slovenskej republiky 1993-2001
ISSN:1336-0795
Subjects:

MARC

LEADER 00000cas a2200000 a 4500
001 vtls008880978
003 SK-MaSNL
005 20260228162110.0
008 150311c19932001xo mr|p 0 0 b0slo c
022 |a 1336-0795 
035 |a (SVKBB03)vtls000047973 
040 |a SVKBB  |b slo  |c SVKBB  |d slo  |d SNK  |e AACR2 
041 0 |a slo 
044 |a xo  |c SK 
072 7 |a 327  |x Medzinárodné vzťahy, svetová politika  |2 konspekt 
072 7 |a 339.7/.9  |x Svetová ekonomika a medzinárodné financie  |2 konspekt 
080 |a 050  |2 2001 
080 |a [339.923+327](4)  |2 2001 
210 0 |a Euro-info  |b (Tlačené vyd.) 
222 0 |a Euro-info  |b (Tlačené vydanie) 
245 0 0 |a Euro-info 
260 |a Bratislava  |a Slovenská technická knižnica  |b Centrum vedecko-technických informácií Slovenskej republiky  |c 1993-2001 
300 |a 9 zv.  |c 21 cm 
310 |a 10x ročne 
362 0 |a Č.1 (1993)-č. 10 (2001) 
500 |a Zodp. red.: Mária Harachová 
500 |a Podnázov v tiráži: informačný bulletin 
650 0 7 |a európska integrácia  |2 SNKPH  |9 2140 
655 7 |a špecializované časopisy  |2 SNKPH  |9 70509 
700 1 |a Harachová, Mária  |4 lso  |9 44126 
710 2 |a Centrum vedecko-technických informácií Slovenskej republiky.  |b Európske dokumentačné a informačné stredisko  |4 pbl  |9 232493 
910 |a snk 
916 |a 1993-2001 
958 |a OND 
999 |c 6801  |d 8731 
952 |0 0  |1 0  |4 0  |7 0  |a SNK  |b SNK  |d 2015-02-17  |f 1  |i snkČSP 5632/94  |l 0  |o snkČSD 1978/1993  |p 17A0882040  |r 2026-02-21 21:04:03  |t č. 1-10  |w 2026-02-21  |y PREZ 
952 |0 0  |1 0  |4 0  |7 0  |a SNK  |b SNK  |d 2015-02-17  |f 1  |i snkČSP 246/97  |l 0  |o snkČSD 1978/1994  |p 17A0882041  |r 2026-02-21 21:04:03  |t č. 1-10,+2 mim.č.  |w 2026-02-21  |y PREZ 
952 |0 0  |1 0  |4 0  |7 0  |a SNK  |b SNK  |d 2015-02-17  |f 1  |i snkČSP 248/97  |l 0  |o snkČSD 1978/1995  |p 17A0882042  |r 2026-02-21 21:04:03  |t č. 1-10,+mim.č.  |w 2026-02-21  |y PREZ 
952 |0 0  |1 0  |4 0  |7 0  |a SNK  |b SNK  |d 2015-02-17  |f 1  |i snkČSP 3559/99  |l 0  |o snkČSD 1978/1996  |p 17A0882043  |r 2026-02-21 21:04:03  |t č. 1-10,+2mim.č.  |w 2026-02-21  |y PREZ 
952 |0 0  |1 0  |4 0  |7 0  |a SNK  |b SNK  |d 2015-02-17  |f 1  |i snkČSP 3561/99  |l 0  |o snkČSD 1978/1997  |p 17A0882044  |r 2026-02-21 21:04:03  |t č. 1-10  |w 2026-02-21  |y PREZ 
952 |0 0  |1 0  |4 0  |7 0  |a SNK  |b SNK  |d 2015-02-17  |f 1  |i snkČSP 1384/2000  |l 0  |o snkČSD 1978/1998  |p 17A1047310  |r 2026-02-21 21:04:03  |t č. 1-10  |w 2026-02-21  |y PREZ 
952 |0 0  |1 0  |4 0  |7 0  |8 0  |a SNK  |b SNK  |d 2015-02-17  |f 1  |i snk2015/5832  |l 0  |o snkČSD 1978/1999  |p 17A1047311  |r 2026-02-21 21:04:03  |t č. 1-10  |w 2026-02-21  |y PREZ 
952 |0 0  |1 0  |4 0  |7 0  |8 0  |a SNK  |b SNK  |d 2015-02-17  |f 1  |i snk2015/5839  |l 0  |o snkČSD 1978/2000  |p 17A1047313  |r 2026-02-21 21:04:03  |t č. 1-10  |w 2026-02-21  |y PREZ 
952 |0 0  |1 0  |4 0  |7 0  |8 0  |a SNK  |b SNK  |d 2015-02-17  |f 1  |i snk2015/5841  |l 0  |o snkČSD 1978/2001  |p 17A1047314  |r 2026-02-21 21:04:03  |t č. 1-10  |w 2026-02-21  |y PREZ 
952 |0 0  |1 0  |4 0  |7 0  |8 0  |a SNK  |b SNK  |d 2015-02-17  |i snk2015/5844  |l 0  |o snkČSD 1978/1999 D1  |p 17A1317529  |r 2026-02-21 21:04:03  |t č. 1-10, neúplné  |w 2026-02-21  |y PREZ  |z chýba č. 6 
952 |0 0  |1 0  |4 0  |7 0  |8 0  |a SNK  |b SNK  |d 2015-02-17  |i snk2015/5851  |l 0  |o snkČSD 1978/2000 D1  |p 17A1047316  |r 2026-02-21 21:04:04  |t č. 1-10  |w 2026-02-21  |y PREZ 
952 |0 0  |1 0  |4 0  |7 0  |8 0  |a SNK  |b SNK  |d 2015-02-17  |i snk2015/5855  |l 0  |o snkČSD 1978/2001 D1  |p 17A1047317  |r 2026-02-21 21:04:04  |t č. 1-10  |w 2026-02-21  |y PREZ